000
00250 a2200085 4500
082
_a
620.13621 AST
245
_a
Annual Book of ASTM Standards 2004 /
_c
ASTM
260
_a
USA :
_c
American Society for Testing and Materials,
_b
2004
300
_a
volumes :
_b
ill. ;
_c
27cm
650
_a
ASTM
999
_c
1918
_d
1918